000 01953nam0a2200361 4500
001 RU\NLR\BIBL_A\011741988
005 20190625110354.0
010 _a978-5-6041141-1-7
_9100
021 _aRU
_bКН-П-18-037892
_9КН-П-18-2733
035 _a(NLR Aleph) 011741988
035 _a(RuMoRGB)009646515
090 _a11582274
_c11582274
100 _a20180703d2018 u y0rusy50 ca
101 0 _arus
102 _aRU
105 _aa|||zzzz0|1yy
200 1 _aПрофилактика зависимого поведения и формирование трезвого здорового мышления
_eметодическое пособие для специалистов по первичной профилактике химических зависимостей и формированию трезвого здорового образа жизни
_fА. А. Карпачёв, А. А. Головин
205 _a[Изд. 2-е]
210 _aМосква
_cЕвразийская ассоциация здоровья
_d2018
215 _a80 с.
_cил., табл.
_d21
320 _aБиблиогр.: с. 70 (9 назв.) и в подстроч. примеч.
606 1 _aУчащиеся
_xВредные привычки
_xПрофилактика
_xРоль образовательных учреждений
_jМетодические пособия
_2nlr_sh2
_3RU\NLR\AUTH\661563145
606 1 _aНаркомания молодежи
_xПсихопрофилактика
_jМетодические пособия
_2nlr_sh2
_3RU\NLR\AUTH\661416127
686 1 _aС550.325.1я7
686 1 _aС550.8я7
686 1 _aЧ313.54я8
700 1 _aКарпачёв
_bА. А.
_gАлександр Александрович
701 1 _aГоловин
_bА. А.
_gАндрей Аркадьевич
942 _cBOOK
980 _aNBR
980 _aNB